000 01107nam a22002777a 4500
001 22497145
003 TZ-ArACH
005 20251202142602.0
008 220407s2019 tz 000 0 eng
010 _a 2022324125
040 _aDLC
_beng
_cTZ-ArACH
_erda
042 _apcc
_alcode
043 _af-tz---
050 0 0 _aKTT353
_b.A31 1966
110 1 _aTanzania,
_eenacting jurisdiction.
240 1 0 _aCivil Procedure Code, 1966
245 1 0 _aChapter 33:
_bThe Civil Procedure Code : principal legislation
_cThe United Republic of Tanzania
260 _aThe United Republic of Tanzania
_c1966
300 _a191 P.:
_c28 cm
500 _a"Dodoma, 30th November, 2019."
500 _a"This edition of the Civil Procedure code, Chapter 33, has been revised up to and including 30th November, 2019 and is printed under the authority of section 4 of the Laws Revision Act, Chapter 4; Adelardus L. Kilangi, Attorney General."
650 0 _aCivil procedure
_zTanzania.
906 _a7
_bcbc
_corigode
_d2
_encip
_f20
_gy-gencatlg
942 _2lcc
_cBOOK
999 _c7736
_d7736